000 00487cam a2200205ua 4500
001 7475
008 141211n ii |||gr||||Z||||||ben
020 _a8185547262
040 _cMAIN
041 _aben
082 _a891.443
100 _aChekhov, A.,
_eAuthor.
245 1 _aBahurupee
_cBy Anton Chekhov
250 _a1st.
260 _aCalcutta:
_bBhastav,
_c1992.
300 _a196p.
653 _aEast Indo-European & Celtic literatures
653 _aBengali novels
942 _cBK
999 _c6598
_d6598